Central Library OPAC University of Rajshahi

Scepticism / (Record no. 31349)

MARC details
000 -LEADER
fixed length control field 00833nam a2200289 a 4500
001 - CONTROL NUMBER
control field 31349
003 - CONTROL NUMBER IDENTIFIER
rucl marc code BD-RjUL
005 - DATE AND TIME OF LATEST TRANSACTION
control field 20211209051706.0
008 - FIXED-LENGTH DATA ELEMENTS--GENERAL INFORMATION
fixed length control field 140415s1968 enk b 001 0 eng d
020 ## - INTERNATIONAL STANDARD BOOK NUMBER
International Standard Book Number 0710036396
035 ## - SYSTEM CONTROL NUMBER
System control number (BD-RjUL)31436
System control number (OCoLC)47203422
040 ## - CATALOGING SOURCE
Original cataloging agency BD-RjUL
Language of cataloging eng
Transcribing agency BD-RjUL
041 ## - LANGUAGE CODE
Language code of text/sound track or separate title eng
082 ## - DEWEY DECIMAL CLASSIFICATION NUMBER
Classification number 149.73
Author mark and year NAS 1968
100 1# - MAIN ENTRY--PERSONAL NAME
Personal name Naess, Arne.
9 (RLIN) 95403
245 10 - TITLE STATEMENT
Title Scepticism /
Statement of responsibility, etc. by Arne Naess.
260 ## - PUBLICATION, DISTRIBUTION, ETC. (IMPRINT)
Place of publication, distribution, etc. London :
Name of publisher, distributor, etc. Routledge & Kegan Paul ;
Place of publication, distribution, etc. New York :
Name of publisher, distributor, etc. Humanities Press,
Date of publication, distribution, etc. 1968.
300 ## - PHYSICAL DESCRIPTION
Pagination ix, 165 p. ;
Size 23 cm.
504 ## - BIBLIOGRAPHY, ETC. NOTE
Bibliography, etc Bibliography: p. 158-161.
Bibliography, etc Includes index.
650 #0 - SUBJECT ADDED ENTRY--TOPICAL TERM
Topical term or geographic name as entry element Skepticism.
9 (RLIN) 65028
830 #0 - SERIES ADDED ENTRY--UNIFORM TITLE
Uniform title International library of philosophy and scientific method
942 ## - ADDED ENTRY ELEMENTS (KOHA)
Source of classification or shelving scheme Dewey Decimal Classification
Koha item type Books
Holdings
Lost status Source of classification or shelving scheme Damaged status Not for loan Collection code Permanent Location Current Location Shelving location Date acquired Source of acquisition Cost, normal purchase price Total Checkouts Full call number Date last seen Date checked out Copy number Koha item type
  Dewey Decimal Classification     Non-fiction Central Library, University of Rajshahi Central Library, University of Rajshahi   17/06/1975 Jonathan ware & co. 1.50 1 149.73 NAS 1968 17/04/2023 16/03/2023 C-2 Books
  Dewey Decimal Classification   Not For Loan Non-fiction Central Library, University of Rajshahi Central Library, University of Rajshahi Reading Room 04/09/1975 Jonathan ware & co. 1.80   149.73 NAS 1968 15/04/2014   C-1 Books